Human capability assessment /

Bibliographic Details
Other Authors: Dunnette, Marvin D., Fleishman, Edwin A.
Format: Book
Language:English
Published: Hillsdale, N.J. : L. Erlbaum Associates, 1982.
Series:Human performance and productivity ; v. 1.
Subjects:

MARC

Tag First Indicator Second Indicator Subfields
LEADER 00000cam a22000008a 4500
001 in00000083197
005 20151008055622.0
008 810722s1982 njua b 00100 eng
010 |a  81009911  
020 |a 089859085X (v. 1) 
035 |a (OCoLC)07672504 
035 |9 AAJ3934AM 
039 0 |a 2  |b 3  |c 3  |d 3  |e 3 
040 |a DLC  |c DLC  |d TXA  |d UtOrBLW 
049 |a TXAM  |c 1 [1804473], 2 [274254] 
050 0 0 |a HF5549.5 R3  |b  H85 
082 0 |a 658.3/125  |2 19 
245 0 0 |a Human capability assessment /  |c edited by Marvin D. Dunnette, Edwin A. Fleishman. 
263 |a 8108 
264 1 |a Hillsdale, N.J. :  |b L. Erlbaum Associates,  |c 1982. 
300 |a xxi, 296 pages :  |b illustrations ;  |c 24 cm. 
336 |a text  |b txt  |2 rdacontent 
337 |a unmediated  |b n  |2 rdamedia 
338 |a volume  |b nc  |2 rdacarrier 
490 1 |a Human performance and productivity ;  |v v. 1 
504 |a Includes bibliographies and indexes. 
650 0 |a Employees  |x Rating of. 
650 0 |a Personnel management. 
650 0 |a Labor productivity. 
700 1 |a Dunnette, Marvin D. 
700 1 |a Fleishman, Edwin A. 
830 0 |a Human performance and productivity ;  |v v. 1. 
999 |a MARS 
999 f f |s f3ef8cd6-620a-3753-8266-56b8952f29fd  |i d15627cc-ce21-374c-b2c1-90a38ccdf046  |t 0 
952 f f |p ric  |a Texas A&M University  |b Rellis Campus  |c Joint Library Facility  |d Remote Storage  |t 0  |e HF5549.5 R3 H85  |h Library of Congress classification  |i unmediated -- volume  |m A14808184635 
998 f f |a HF5549.5 R3 H85  |t 0  |l Remote Storage